FATİH SULTAN MEHMET VE İSTANBUL' UN FETHİ (Record no. 1097583)

MARC details
000 -LEADER
sabit uzunluktaki kontrol alanı 00278nam a2200097Ia 4500
001 - KONTROL NUMARASI
kontrol alanı 1097583
005 - EN SON İŞLEMİN TARİH VE ZAMANI
kontrol alanı 20250827003055.0
008 - SABİT-UZUNLUKTA VERİ ÖĞELERİ--GENEL BİLGİ
sabit uzunluktaki kontrol alanı 250824s9999 xx 000 0 und d
245 #0 - ESER / YAZAR
ESER ADI FATİH SULTAN MEHMET VE İSTANBUL' UN FETHİ
Yazar Adı YAVUZ BAHADIROĞLU
260 ## - YAYIN, DAĞITIM, VB.
YAYIN EVİ PANAMA YAYINLARI
Holdings
Düşüm durumu Kayıp durumu Hasar Durumu Ödünç verilmez Ana kütüphane Geçerli Kütüphane Edinilen tarih Toplam ödünç verme sayısı Barkod Son görüntüleme tarihi Son ödünç verme tarihi Fiyatın geçerli olmaya başladığı tarih Koha materyal türü
        NENE HATUN İMAM HATİP ORTAOKULU NENE HATUN İMAM HATİP ORTAOKULU 24.08.2025 1 10254574 24.11.2025 03.11.2025 27.08.2025 Books